Managing Capital Inflows : What Tools to Use? /

Staff Discussion Notes showcase the latest policy-related analysis and research being developed by individual IMF staff and are published to elicit comment and to further debate. These papers are generally brief and written in nontechnical language, and so are aimed at a broad audience interested in...

Descrizione completa

Dettagli Bibliografici
Autore principale: Ostry, Jonathan
Altri autori: Ghosh, Atish, Habermeier, Karl, Laeven, Luc
Natura: Periodico
Lingua:English
Pubblicazione: Washington, D.C. : International Monetary Fund, 2011.
Serie:Staff Discussion Notes; Staff Discussion Notes ; No. 2011/006
Accesso online:Full text available on IMF
LEADER 01578cas a2200277 a 4500
001 AALejournalIMF023089
008 230101c9999 xx r poo 0 0eng d
020 |c 20.00 USD 
020 |z 9781463926540 
022 |a 2617-6750 
040 |a BD-DhAAL  |c BD-DhAAL 
100 1 |a Ostry, Jonathan. 
245 1 0 |a Managing Capital Inflows :   |b What Tools to Use? /  |c Jonathan Ostry, Atish Ghosh, Karl Habermeier, Luc Laeven. 
264 1 |a Washington, D.C. :  |b International Monetary Fund,  |c 2011. 
300 |a 1 online resource (40 pages) 
490 1 |a Staff Discussion Notes 
500 |a <strong>Off-Campus Access:</strong> No User ID or Password Required 
500 |a <strong>On-Campus Access:</strong> No User ID or Password Required 
506 |a Electronic access restricted to authorized BRAC University faculty, staff and students 
520 3 |a Staff Discussion Notes showcase the latest policy-related analysis and research being developed by individual IMF staff and are published to elicit comment and to further debate. These papers are generally brief and written in nontechnical language, and so are aimed at a broad audience interested in economic policy issues. This Web-only series replaced Staff Position Notes in January 2011. 
538 |a Mode of access: Internet 
700 1 |a Ghosh, Atish. 
700 1 |a Habermeier, Karl. 
700 1 |a Laeven, Luc. 
830 0 |a Staff Discussion Notes; Staff Discussion Notes ;  |v No. 2011/006 
856 4 0 |z Full text available on IMF  |u https://elibrary.imf.org/openurl?genre=journal&issn=2617-6750&volume=2011&issue=006  |z IMF e-Library